书目信息 |
| 题名: |
智顗评传
|
|
| 作者: | 潘桂明 著 | |
| 分册: | 上 | |
| 出版信息: | 南京 南京大学出版社 2011.04 |
|
| 页数: | 230页 | |
| 开本: | 23cm | |
| 丛书名: | 中国思想家评传丛书 | |
| 单 册: | ||
| 中图分类: | B949.92 | |
| 科图分类: | ||
| 主题词: | ||
| 电子资源: | ||
| ISBN: | 978-7-305-05972-8 | |
| 000 | 01112nam 2200253 450 | |
| 001 | 012011360546 | |
| 005 | 20111205144018.46 | |
| 010 | @a978-7-305-05972-8@dCNY36.50 | |
| 100 | @a20111205d2011 em y0chiy0120 ea | |
| 101 | 0 | @achi |
| 102 | @aCN@b320000 | |
| 105 | @ac z 000yb | |
| 106 | @ar | |
| 200 | 1 | @a智顗评传@Azhi yi ping chuan@h上@f潘桂明著@Fpan gui ming zhu |
| 210 | @a南京@c南京大学出版社@d2011.04 | |
| 215 | @a230页@c肖像@d23cm | |
| 225 | 2 | @a中国思想家评传丛书@Azhong guo si xiang jia ping chuan cong shu |
| 330 | @a本书以丰富翔实的原始资料为依据,通过智顗 时代的佛学背景、他的生平和著述以及构成他止观学说体系主要内容的一心三观、圆融三谛、一念三千、性具实相、性具善恶等哲学命题的阐述和辨析,对智顗 的政治态度、佛学渊源、哲学性质和特色,以及判教原则等问题,发表了作者自己的看法,提出了许多新的学术观点,力图客观、公正地对智顗 及其天台学说的历史地位作出全面的系统的评价。 | |
| 410 | 0 | @12001 @a中国思想家评传丛书 |
| 600 | 0 | @a智顗,@Azhi yi,@f538-597@x评传 |
| 690 | @aB949.92@v4 | |
| 701 | 0 | @a潘桂明@Apan gui ming@4著 |
| 801 | 0 | @aCN@bQSSK@c20111205 |
| 905 | @b795886@dB949.92@eZ491:1@f1 | |
| 智顗评传.上/潘桂明著.-南京:南京大学出版社,2011.04 |
| 230页:肖像;23cm.-(中国思想家评传丛书) |
| ISBN 978-7-305-05972-8:CNY36.50 |
| 本书以丰富翔实的原始资料为依据,通过智顗 时代的佛学背景、他的生平和著述以及构成他止观学说体系主要内容的一心三观、圆融三谛、一念三千、性具实相、性具善恶等哲学命题的阐述和辨析,对智顗 的政治态度、佛学渊源、哲学性质和特色,以及判教原则等问题,发表了作者自己的看法,提出了许多新的学术观点,力图客观、公正地对智顗 及其天台学说的历史地位作出全面的系统的评价。 |
| ● |
| 相关链接 |
|
|
|
正题名:智顗评传
索取号:B949.92/Z491:1
 
预约/预借
| 序号 | 登录号 | 条形码 | 馆藏地/架位号 | 状态 | 备注 |
| 1 | 795886 | 207958860 | 自科二线400A/400A自科库 10排4列2层/ [索取号:B949.92/Z491:1] | 在馆 |